Score 0/12 Timer 10:00
0 Plays Today
% Correct
harry
95.2%
elektra
92.9%
floss
92.3%
lily
91.6%
faith
91.3%
carmen
89.7%
tyler
88.4%
tee
84.6%
jody
83.9%
mo
82.1%
frank
80.1%
johnny
71%

You're not logged in!

Compare scores with friends on all Sporcle quizzes.
OR
Log In

Sporcle TV

Today on Sporcle TV


Watch our educational content, quiz creation guides, and fun videos on Sporcle TV.

Show Comments

Extras

Top Quizzes Today


Score Distribution

Paid Content

Your Account Isn't Verified!

In order to create a playlist on Sporcle, you need to verify the email address you used during registration. Go to your Sporcle Settings to finish the process.

Report this User

Report this user for behavior that violates our Community Guidelines.

Details: